000
00299nam a22001097a 4500
008
160507b xxu||||| |||| 00| 0 eng d
020
_a
0812106261
041
_a
eng
080
_a
615
245
_a
Pharmacology for the dental hygienist for students and practitioners:
_c
Fred F. Cowan;
942
_2
udc
_c
BK
999
_c
1913
_d
1913